Statistics for hsmtmts

Click here to take the quiz!

General Stats

  • This quiz has been taken 154 times
  • The average score is 7 of 10

Answer Stats

HintAnswer% Correct
who paid for gina to come back for the showE.J
95%
who wrote driver licenceOlivia Rodrigo
93%
what could Ricky not say to nini that made them break upI love you
92%
what is the choreographers nameCarlos
85%
who stole nini's phoneGina
85%
who is the assumed "blonde girl" in drivers licenceSabrina Carpenter
82%
who is nini's best friends in the seriesKourtney
75%
what song did the students sing so Miss Jenn wouldnt be firedTruth, Justice and Songs in Our Key
53%
which actor had his red car in the background of his song in hsmts the Christmas specialMatt Cornett
43%
what does Miss Jenn tell big red to read while readingPunctuation
29%

Score Distribution

Percentile by Number Answered

Percent of People with Each Score

Your Score History

You have not taken this quiz